Cities By Historical Imagery #1 - Statistics

General Stats
  • This quiz has been taken 18 times
  • The average score is 6 of 8
Answer Stats
Picture Answer % Correct
London
93%
New York
93%
Paris
93%
Hamburg
71%
Rome
64%
Berlin
57%
Sydney
57%
Warsaw
21%
No matching quizzes found
Score Distribution
Percent of People with Each Score
Percentile by Number Answered
Your Score History
You have not taken this quiz